00717 2200253 4500001002100000005001500021035002000036007000300056008004100059020001800100082000800118084001400126100003000140245006400170300003000234520004500264264003200309336002100341337003000362338002300392250001400415650001800429990001600447INLIS00000000000000920260408031015 a0010-0426000008ta260408 e 1 eng  a9781526648549 a809 a809 ZOU a0 aZoulfa KataouhePengarang1 aAs long As The Lemon Trees Grow /cPenulis, Kataouh Zoulfa a458 :bIlustrasi ;c20 cm aI am owed a life that doesnot in tragedy aDublin :bBloomsbury,c2023 2rdacontentaTeks 2rdamediaaTanpa Perantara 2rdacarrieraVolume aCetakan 2 4aFiksi Inggris aPP000007/25